Odd One Out: Song Words by Musical 2 Quiz Stats

 Plays Quiz not verified by Sporcle

Score 0/16 Timer 02:00
0 Plays Today
Question Answer Wrong Answers
My Fair Lady Spain
93.9%
Danced
2.2%
All
1.3%
Night
1.5%
Grease Greased
90.4%
Beauty
3.5%
School
0.7%
Dropout
2.8%
Mary Poppins Supercalifragilisticexpialidocious
89.5%
Spoonful
1.5%
Of
0.7%
Sugar
0.6%
Sweeney Todd: The Demon Barber of Fleet Street Johanna
87.6%
Worst
2.2%
Pies
5%
London
3.5%
Hair: The American Tribal Love-Rock Musical Aquarius
87.3%
Good
3.8%
Morning
1.8%
Starshine
6.7%
Cabaret Telephone
85.8%
Tomorrow
2.9%
Belongs
7.2%
Me
2.5%
Hamilton Satisfied
85.7%
Where
4.7%
It
3.7%
Happens
3.4%
Porgy and Bess Summertime
76.9%
Got
2.5%
Plenty
5.6%
Nuttin'
11.3%
Oklahoma! Mornin'
76.3%
Surrey
10.1%
Fringe
10.7%
Top
2.3%
Camelot Guenevere
70.2%
Lusty
13.7%
Month
7.9%
May
2.8%
Les Misérables Dream
69.9%
Hear
5.6%
People
11%
Sing
7.2%
42nd Street Lullaby
64.8%
Shuffle
8.3%
Off
7.6%
Buffalo
16.1%
Chitty Chitty Bang Bang Hushabye
64.6%
Vulgarian
21.8%
National
3.7%
Anthem
5.6%
Little Shop of Horrors Suddenly
54.2%
Somewhere
13.5%
That's
7.5%
Green
22.4%
Spamalot Robin
52.3%
Fisch
14.2%
Schlapping
17%
Dance
9.6%
Miss Saigon Sun
38.3%
His
6.3%
Western
13.9%
Nose
36.4%

You're not logged in!

Compare scores with friends on all Sporcle quizzes.
OR
Log In

Sporcle TV

Today on Sporcle TV


Watch our educational content, quiz creation guides, and fun videos on Sporcle TV.

Show Comments

Extras

Top Quizzes Today


Score Distribution

Your Account Isn't Verified!

In order to create a playlist on Sporcle, you need to verify the email address you used during registration. Go to your Sporcle Settings to finish the process.

Report this User

Report this user for behavior that violates our Community Guidelines.

Details: